Datum a čas kvízu
33
Celkem bodů
Celkový počet nahraných bodů na tomto kvízu bez doplňovacích otázek.
3.
Pořadí na kvízu
Konečné umístění týmu na tomto kvízu.
Zaznamenané odpovědi
| # | Otázka | Odpověď | Body | Výsledky |
|---|---|---|---|---|
| 1. | V neděli byla slavnostně otevř... | sv. Jakub | 1 | |
| 2. | Ve čtvrtek odsoudil nejvyšší s... | Brazílie; Jair Bolsonaro | 1 | |
| 3. | Ve čtvrtek měla v českých kin... | Srnky | 1 | |
| 4. | Minulý týden přišli vědci s př... | Benátky (Venezia) | 1 | |
| 5. | V sobotu byl slavnostně zaháje... | atletika; Tokio | 1 | |
| 6. | V tomto tématu se budeme zabýv... | děda - vnuk | 1 | |
| 7. | Chronologicky seřaďte vybrané... | 1D 2B 3C 4A | 1 | |
| 8. | Která z uvedených osobností je... | A | 1 | |
| 9. | V této otázce nás bude zajímat... | Vratislav (I.) | 1 | |
| 10. | Přiřaďte příbuzenské vztahy vy... | 1B 2C 3D 4A | 1 |